[Event "Andalucia-chA"]
[Site "Algeciras"]
[Date "2018.05.12"]
[Round "1"]
[White "Roman Sanchez, Jesus Maria"]
[Black "Tocino Rivas, Maria Milagros"]
[Result "1/2-1/2"]
[WhiteElo "1987"]
[BlackElo "1743"]
[PlyCount "52"]
[EventDate "2018.05.12"]
[EventType "swiss"]
[EventRounds "8"]
[EventCountry "ESP"]
[SourceTitle "EXT 2020"]
[Source "ChessBase"]
[SourceDate "2019.10.17"]
[SourceVersion "1"]
[SourceVersionDate "2019.10.17"]
[SourceQuality "1"]

1. d4 d5 2. Bf4 Nf6 3. e3 Bf5 4. c4 c6 5. Nc3 e6 6. Qb3 Qb6 7. c5 Qxb3 8. axb3 Nbd7 9. b4 Nh5 10. Be5 f6 11. Bc7 g5 12. Be2 Ng7 13. b5 Be7 14. bxc6 bxc6 15. Ba6 0-0 16. Bb7 Rae8 17. Bxc6 Rc8 18. Rxa7 Nxc5 19. dxc5 Bxc5 20. Rb7 Bd3 21. Bd7 Ra8 22. Na4 Ba6 23. Rb3 Bc4 24. Rb7 Ba6 25. Rb3 Bc4 26. Rb7 Ba6 1/2-1/2